00623nam a2200169 a 450000100100000000500170001000800410002704000250006811000610009324500940015426000280024830000200027670000260029604900090032295201050033199900170043600002920520200930055409.0110414s2007 dr a 000 0 spa d aDO-SdBNPbspacBNPHU1 aRepública DominicanabJunta Central Electroral:95611110aConoce la Junta Central Electroral :buna entidad que trabaja para ti! /cVianela Díaz. aSanto Domingo :,c2007. a23 P. ;c27 cm.1 aDíaz, Vianela92668 aBNPD 0010718PDaPDbPDcCTd2011-04-14iLF1l0o p29205-10r2020-06-25w2020-06-25yLFPDZNo se presta c28697d28697